000 00799cab a2200241 4500
001 WB3505-38
008 090401t1999 xxu||||| |||| 00| 0 eng d
035 _a(Sirsi) u91030
041 _aeng
245 _aEuro trade
260 _c1999
350 _a0
490 _aFarmers' Weekly
_v130(5) 29 January 1999, 22(1)
520 _aA report by the NFU warns British farmers to prepare to trade in Euros before the UK joins the single European currency. Farmers not prepared to deal in Euros could be at a disadvantage as they will have to contend with currency transaction costs.
650 _aEUROS
650 _aFARMERS
650 _aFARMING INDUSTRY
650 _aPAN-EUROPEAN
650 _aSINGLE EUROPEAN CURRENCY
690 _aRURAL PRACTICE
942 _n0
948 _c02/02/1999
999 _c57761
_d57761